[Event "Ho Chi Minh City HD Bank op 4th"]
[Site "Ho Chi Minh City"]
[Date "2014.03.14"]
[Round "7"]
[White "Hoang, Thi Nhu Y"]
[Black "Frost, Peter"]
[Result "1-0"]
[WhiteElo "2210"]
[BlackElo "1781"]
[PlyCount "75"]
[EventDate "2014.03.10"]
[EventType "swiss"]
[EventRounds "9"]
[EventCountry "VIE"]
[SourceTitle "CBM 159 Extra"]
[Source "ChessBase"]
[SourceDate "2014.04.24"]
[SourceVersion "1"]
[SourceVersionDate "2014.04.24"]
[SourceQuality "1"]

1. c4 Nf6 2. Nc3 g6 3. e4 d6 4. d4 Bg7 5. f4 0-0 6. Nf3 c5 7. d5 e6 8. Bd3 exd5 9. cxd5 Qb6 10. Nd2 a6 11. Nc4 Qc7 12. a4 Nfd7 13. 0-0 Nb6 14. Ne3 N6d7 15. Bd2 Re8 16. Qf3 b6 17. e5 dxe5 18. Nc4 Ra7 19. Rae1 Bb7 20. Qg3 e4 21. Bxe4 Nf6 22. Bf3 Ba8 23. Rxe8+ Nxe8 24. Re1 Bd4+ 25. Kh1 Ng7 26. Re2 Qd8 27. Qe1 f5 28. Ne5 Qf6 29. h3 h6 30. g3 Kh7 31. Kg2 Kg8 32. g4 Kh7 33. g5 hxg5 34. fxg5 Qf8 35. Qh4+ Nh5 36. Nxg6 Qd8 37. Qxh5+ Kg7 38. Re8 1-0

[Event "Ho Chi Minh City HD Bank op 4th"]
[Site "Ho Chi Minh City"]
[Date "2014.03.11"]
[Round "3"]
[White "Hoang, Thi Nhu Y"]
[Black "Emojong, Elijah"]
[Result "0-1"]
[WhiteElo "2210"]
[BlackElo "2350"]
[PlyCount "68"]
[EventDate "2014.03.10"]
[EventType "swiss"]
[EventRounds "9"]
[EventCountry "VIE"]
[SourceTitle "CBM 159 Extra"]
[Source "ChessBase"]
[SourceDate "2014.04.24"]
[SourceVersion "1"]
[SourceVersionDate "2014.04.24"]
[SourceQuality "1"]

1. d4 d5 2. Nf3 Nf6 3. g3 e6 4. Bg2 b5 5. 0-0 Nbd7 6. a4 b4 7. c4 bxc3 8. Nxc3 c5 9. dxc5 Bxc5 10. Bf4 0-0 11. Ne5 Ba6 12. Nd3 Be7 13. Nb5 h6 14. b4 Bxb5 15. axb5 Nb6 16. Ra6 Qd7 17. Qa1 Qxb5 18. Rxa7 Ne4 19. Ra5 Rxa5 20. Qxa5 Qxa5 21. bxa5 Nc4 22. a6 Ra8 23. Rc1 f5 24. Ra1 Na3 25. Be3 Nc2 26. Ra2 Nxe3 27. fxe3 Bc5 28. Bxe4 Bxe3+ 29. Kg2 fxe4 30. Nb4 Kf7 31. Nc6 Ke8 32. a7 Kd7 33. Ra6 Kc7 34. Nb4 Bb6 0-1

[Event "Ho Chi Minh City HD Bank op 4th"]
[Site "Ho Chi Minh City"]
[Date "2014.03.11"]
[Round "2"]
[White "Prasanna Raghuram, Rao"]
[Black "Hoang, Thi Nhu Y"]
[Result "1/2-1/2"]
[WhiteElo "2410"]
[BlackElo "2210"]
[PlyCount "136"]
[EventDate "2014.03.10"]
[EventType "swiss"]
[EventRounds "9"]
[EventCountry "VIE"]
[SourceTitle "CBM 159 Extra"]
[Source "ChessBase"]
[SourceDate "2014.04.24"]
[SourceVersion "1"]
[SourceVersionDate "2014.04.24"]
[SourceQuality "1"]

1. e4 g6 2. d4 Bg7 3. Nc3 d6 4. Be3 c6 5. h3 Nf6 6. Nge2 b5 7. e5 Nfd7 8. exd6 exd6 9. d5 c5 10. Nxb5 Qb6 11. Nbc3 Qxb2 12. Bd2 Qb6 13. Rb1 Qd8 14. Ng3 0-0 15. Be2 Ba6 16. 0-0 Nb6 17. Nce4 Re8 18. Bxa6 Nxa6 19. Re1 Nc7 20. Qf3 Ncxd5 21. Rbd1 Re5 22. Ba5 Qe7 23. c4 Nc7 24. Bc3 Nxc4 25. Bxe5 Bxe5 26. Nc3 Qf6 27. Qxf6 Bxf6 28. Nd5 Nxd5 29. Rxd5 Be5 30. Ne4 Nb6 31. Rdd1 Nc4 32. Rc1 Nb2 33. Rc2 Nd3 34. Rd1 Nb4 35. Rc4 Nxa2 36. Rd2 Nb4 37. Nxd6 Rd8 38. Ne4 Rxd2 39. Nxd2 Nd3 40. Nb3 Bd6 41. Kf1 Kf8 42. Rc3 Nb4 43. Nxc5 Ke7 44. Ne4 Be5 45. Ra3 Nc6 46. Ke2 a5 47. Kd3 f5 48. Nd2 Bd6 49. Ra4 Bb4 50. Nc4 Ke6 51. Ra2 Kd5 52. f4 Bd6 53. Rf2 Bc7 54. Ne3+ Kc5 55. Rc2+ Kb5 56. Nd5 Bxf4 57. Rb2+ Nb4+ 58. Rxb4+ axb4 59. Nxf4 Kc5 60. Ne6+ Kd5 61. Nf8 b3 62. Nxh7 b2 63. Kc2 Ke4 64. h4 f4 65. Nf8 f3 66. gxf3+ Kxf3 67. Nxg6 Kg4 68. Kxb2 Kh5 1/2-1/2

[Event "VIE-chT (Women)"]
[Site "Bac Giang"]
[Date "2013.08.20"]
[Round "10"]
[White "Hoang, Thi Nhu Y"]
[Black "Vo, Thi Kim Phung"]
[Result "1/2-1/2"]
[WhiteElo "2210"]
[BlackElo "2219"]
[PlyCount "61"]
[EventDate "2013.08.14"]
[EventType "team-swiss"]
[EventRounds "11"]
[EventCountry "VIE"]
[SourceTitle "CBM 156 Extra"]
[Source "ChessBase"]
[SourceDate "2013.10.22"]
[SourceVersion "1"]
[SourceVersionDate "2013.10.22"]
[SourceQuality "1"]

1. d4 d5 2. c4 c6 3. Nf3 Nf6 4. Bf4 a6 5. e3 Bf5 6. Bd3 Bxd3 7. Qxd3 e6 8. 0-0 Bd6 9. Bxd6 Qxd6 10. Nc3 0-0 11. cxd5 cxd5 12. Rac1 Nbd7 13. Rc2 Rac8 14. Rfc1 Nb6 15. Ne2 h6 16. Rxc8 Rxc8 17. Rxc8+ Nxc8 18. Qc2 Ne7 19. Kf1 Qc6 20. Qxc6 Nxc6 21. Nc3 b5 22. Ke2 Kf8 23. a3 Ke7 24. b4 Nd7 25. Nd2 Nb6 26. Kd3 Kd6 27. h3 Nb8 28. Nb3 Nc4 29. Nb1 Nc6 30. Nc5 a5 31. Nb7+ 1/2-1/2

[Event "VIE-chT (Women)"]
[Site "Bac Giang"]
[Date "2013.08.18"]
[Round "7"]
[White "Hoang, Thi Nhu Y"]
[Black "Ngo, Dieu Hoa"]
[Result "1-0"]
[WhiteElo "2210"]
[BlackElo "2084"]
[PlyCount "63"]
[EventDate "2013.08.14"]
[EventType "team-swiss"]
[EventRounds "11"]
[EventCountry "VIE"]
[SourceTitle "CBM 156 Extra"]
[Source "ChessBase"]
[SourceDate "2013.10.22"]
[SourceVersion "1"]
[SourceVersionDate "2013.10.22"]
[SourceQuality "1"]

1. d4 Nf6 2. c4 g6 3. Nc3 Bg7 4. e4 d6 5. f4 0-0 6. Nf3 Nc6 7. d5 Nb8 8. Bd3 e6 9. 0-0 exd5 10. exd5 Na6 11. f5 Ng4 12. h3 Ne5 13. Nxe5 Bxe5 14. Bh6 Re8 15. Qf3 Bxf5 16. Bxf5 gxf5 17. Qxf5 Qh4 18. Bf4 Bd4+ 19. Kh1 Qf6 20. Qd3 Be5 21. Bxe5 Qxe5 22. Rxf7 Kxf7 23. Qxh7+ Kf6 24. Rf1+ Kg5 25. g4 Rh8 26. Rf5+ Qxf5 27. Qxf5+ Kh6 28. Qf6+ Kh7 29. Qf7+ Kh6 30. Ne4 Rhg8 31. g5+ Rxg5 32. Qf4 1-0

[Event "VIE-chT (Women)"]
[Site "Bac Giang"]
[Date "2013.08.17"]
[Round "5"]
[White "Hoang, Thi Nhu Y"]
[Black "Ngo T Kim, Thuy"]
[Result "1-0"]
[WhiteElo "2210"]
[BlackElo "2040"]
[PlyCount "183"]
[EventDate "2013.08.14"]
[EventType "team-swiss"]
[EventRounds "11"]
[EventCountry "VIE"]
[SourceTitle "CBM 156 Extra"]
[Source "ChessBase"]
[SourceDate "2013.10.22"]
[SourceVersion "1"]
[SourceVersionDate "2013.10.22"]
[SourceQuality "1"]

1. Nf3 c5 2. c4 e6 3. g3 d5 4. Bg2 Nf6 5. 0-0 Be7 6. d4 Nc6 7. cxd5 Nxd5 8. dxc5 Bxc5 9. e4 Nf6 10. Qxd8+ Nxd8 11. Nc3 0-0 12. Bg5 h6 13. Bxf6 gxf6 14. e5 fxe5 15. Nxe5 Bd4 16. Rfe1 Bxc3 17. bxc3 f6 18. Ng6 Rf7 19. Rad1 Bd7 20. Rd6 Rc8 21. Red1 Rc7 22. Nf4 Re7 23. Nh5 Kf7 24. g4 Nc6 25. f4 Na5 26. Bf1 Bc6 27. f5 Bf3 28. R1d4 Rxc3 29. fxe6+ Rxe6 30. Rxe6 Kxe6 31. Rf4 Bd1 32. Rxf6+ Ke7 33. h3 Rc6 34. Rf5 b6 35. Nf4 Bc2 36. Re5+ Kf6 37. Rh5 Kg7 38. Rd5 Bb1 39. a4 Rc1 40. Rd7+ Kf6 41. Rxa7 Kg5 42. Rf7 Nb3 43. Ne6+ Kg6 44. Rf2 Nc5 45. Nf4+ Kg5 46. Ne2 Re1 47. Kg2 Nxa4 48. Kg3 Nc5 49. h4+ Kg6 50. Nf4+ Kh7 51. Kg2 Be4+ 52. Kh2 Bc6 53. Nh5 Bd7 54. Rf7+ Kg8 55. Bc4 Be6 56. Bxe6 Rxe6 57. Rf5 Ne4 58. Kg2 Nd6 59. Rf4 b5 60. Kf3 Kh7 61. Rd4 Kg8 62. Nf4 Rf6 63. g5 hxg5 64. hxg5 Nf5 65. Rb4 Rf8 66. Kg4 Ne3+ 67. Kh5 Rf7 68. Ne6 Re7 69. Nf4 Rh7+ 70. Kg6 Ra7 71. Kf6 Ng4+ 72. Kf5 Ne3+ 73. Ke4 Nc4 74. g6 Rb7 75. Kf5 Kg7 76. Kg5 Rb6 77. Nh5+ Kg8 78. Rb3 Ne5 79. Nf6+ Kg7 80. Rh3 Nf7+ 81. gxf7 Kxf7 82. Ng4 Ke7 83. Kf5 Kd6 84. Ne5 Kc7 85. Rh7+ Kd6 86. Ke4 Rb8 87. Rh6+ Kc7 88. Kd5 Rg8 89. Kc5 Rg5 90. Rh7+ Kb8 91. Kb6 Kc8 92. Nc6 1-0

[Event "VIE-chT (Women)"]
[Site "Bac Giang"]
[Date "2013.08.15"]
[Round "3"]
[White "Hoang, Thi Nhu Y"]
[Black "Mai, Thien Kim Ngoc Diep"]
[Result "1-0"]
[WhiteElo "2210"]
[BlackElo "1878"]
[PlyCount "141"]
[EventDate "2013.08.14"]
[EventType "team-swiss"]
[EventRounds "11"]
[EventCountry "VIE"]
[SourceTitle "CBM 156 Extra"]
[Source "ChessBase"]
[SourceDate "2013.10.22"]
[SourceVersion "1"]
[SourceVersionDate "2013.10.22"]
[SourceQuality "1"]

1. d4 Nf6 2. Nf3 e6 3. Bg5 Be7 4. c4 c5 5. e3 cxd4 6. exd4 Qa5+ 7. Nc3 Bb4 8. Bd2 0-0 9. Bd3 Nc6 10. 0-0 d5 11. a3 Bxc3 12. Bxc3 Qc7 13. Qe2 Bd7 14. b3 b6 15. Ne5 Rad8 16. Rac1 Qb7 17. Rfe1 Ne7 18. h4 Ng6 19. g3 Bc6 20. Nxc6 Qxc6 21. Bb4 Rfe8 22. cxd5 Qxd5 23. Bb5 Nd7 24. Qc4 Qf5 25. Bc6 e5 26. Qe2 h6 27. Be4 Qf6 28. Rc6 Re6 29. d5 Rxc6 30. dxc6 a5 31. Bc3 Nc5 32. c7 Rc8 33. Bxg6 Qxg6 34. Bxe5 Qc6 35. Qg4 Ne6 36. h5 Rxc7 37. Bxc7 Qxc7 38. Qc4 Qd6 39. Rc1 Qxa3 40. Rd1 Qb2 41. Qb5 Qc2 42. Rf1 Qc7 43. Qe8+ Kh7 44. Qb5 Nc5 45. Qc4 Qe7 46. Rd1 Qf6 47. Rd4 Ne6 48. Qd3+ Kg8 49. Rd6 Qa1+ 50. Kg2 a4 51. Rxb6 Qa3 52. Rb8+ Nf8 53. Qc4 axb3 54. Qxb3 Qc5 55. Qb4 Qxb4 56. Rxb4 g6 57. hxg6 Nxg6 58. Kf3 Kg7 59. Ke4 Kf6 60. Rb7 h5 61. Rb6+ Kg5 62. Rb5+ Kg4 63. Rf5 Nh8 64. f3+ Kxg3 65. Rxh5 Ng6 66. Rg5+ Kh4 67. Rg1 Kh5 68. f4 Kh6 69. f5 Nf8 70. Ke5 Nh7 71. Rg8 1-0

[Event "Asian Continental op (Women) 12th"]
[Site "Manila"]
[Date "2013.05.25"]
[Round "8"]
[White "Hoang, Thi Nhu Y"]
[Black "Bhakti, Kulkarni"]
[Result "0-1"]
[WhiteElo "2222"]
[BlackElo "2244"]
[PlyCount "70"]
[EventDate "2013.05.18"]
[EventType "swiss"]
[EventRounds "9"]
[EventCountry "PHI"]
[SourceTitle "CBM 154 Extra"]
[Source "ChessBase"]
[SourceDate "2013.06.25"]
[SourceVersion "2"]
[SourceVersionDate "2013.06.25"]
[SourceQuality "1"]

1. d4 Nf6 2. c4 g6 3. Nc3 Bg7 4. e4 d6 5. f3 0-0 6. Be3 Nfd7 7. Qd2 c5 8. d5 Ne5 9. Bh6 Nbd7 10. h4 Nf6 11. h5 Nxh5 12. g4 Nf6 13. Be2 Bxh6 14. Qxh6 Kh8 15. f4 Nexg4 16. Qg5 h5 17. f5 Nh7 18. Qf4 Ngf6 19. Nf3 Rg8 20. Ng5 Qf8 21. 0-0-0 Nxg5 22. Qxg5 Kh7 23. fxg6+ Rxg6 24. Qh4 Qh6+ 25. Kb1 Bg4 26. Qf2 Rag8 27. e5 dxe5 28. Qxc5 Ne4 29. Nxe4 Bxe2 30. Rde1 Bf3 31. Rhf1 Bxe4+ 32. Rxe4 Rf6 33. Rfe1 Qd2 34. Qxe7 Qd3+ 35. Ka1 Qxe4 0-1